00347nam a2200085Ia 4500008004100000245007000041260000900111300010800120650003300228180130s9999 xx 000 0 und d cSokol, Leslie; Fox, Marci G.aTeaching CBT for specific disorders c2016 aBook title: Teaching and supervising cognitive behavioral therapy--Acession number C20879; pages 97-120 aCOGNITIVE BEHAVIORAL THERAPY